| 000 | 01354cab a2200253 4500 | ||
|---|---|---|---|
| 001 | ABS55299 | ||
| 008 | 090401t1995 xxu||||| |||| 00| 0 eng d | ||
| 035 | _a(Sirsi) u15567 | ||
| 041 | _aeng | ||
| 245 | _aBirse Construction Ltd v Haiste Ltd, Watson and Others (Third Parties) | ||
| 260 | _c1995 | ||
| 350 | _a0 | ||
| 490 |
_aWeekly Law Reports _v(1995) 1 WLR 675-683 (9) |
||
| 520 | _aCA 5 December 1995. A water authority (A) contracted with B for the design and construction of a reservoir. B retained H as a consulting engineer and a third party (X) was employed by A to issue all necessary certificates. Resrvoir was found to be defective and B agreed to construct a new one at its own expense. B then sued H who in turn claimed contribution from X. X appealed. "Held" that `the same damage` referred to in the Civil Liability (Contribution) Act 1978 s1 was the damage suffered by the person to whom the party seeking contribution was liable. Accordingly, H had no right to contribution from X. Appeal allowed. | ||
| 650 | _aBIRSE CONSTRUCTION LTD V HAISTE LTD AND OTHERS | ||
| 650 | _aCIVIL LIABILITY (CONTRIBUTION) ACT 1978 S1 | ||
| 650 | _aDESIGN AND BUILD CONTRACT | ||
| 650 | _aLIABILITY | ||
| 650 | _aRESERVOIRS | ||
| 650 | _aSAME DAMAGE | ||
| 690 | _aBUILDING AND CONSTRUCTION-CASE LAW | ||
| 942 | _n0 | ||
| 948 | _c04/03/1997 | ||
| 999 |
_c10223 _d10223 |
||